Automatizácia technickej prípravy v závode Galanta : Diplomová práca

Salvato in:
Dettagli Bibliografici
Autore principale: Hátaš, Peter (Autore)
Altri autori: Malý, Ján (xxx)
Natura: Manoscritto Libro
Lingua:slovacco
Pubblicazione: Trnava : SVŠT v Bratislave StF KASRVP, 1988
Soggetti:
Tags: Aggiungi Tag
Nessun Tag, puoi essere il primo ad aggiungerne!!

MARC

LEADER 00000ntm a22000003a 4500
001 stu75669
005 20160719162701.3
008 020516s1988----cs------------------slo-d
040 |a STU  |b slo 
041 0 |a slo 
044 |a cs 
100 1 |a Hátaš, Peter  |4 aut 
245 1 |a Automatizácia technickej prípravy v závode Galanta :  |b Diplomová práca 
260 |a Trnava :  |b SVŠT v Bratislave StF KASRVP,  |c 1988 
300 |a 66 s  |c abstr. 
650 7 |a príprava technická  |2 stusub 
650 7 |a Systémy automatizované výrobné  |2 stusub 
700 1 |a Malý, Ján  |4 xxx 
996 |b 284M041929  |c M*DP-1529  |l MMSKP  |s P  |a 0  |w stu75669_0001